000 00323nam a22001457a 4500
008 221208b ||||| |||| 00| 0 eng d
020 _a9780073406244
041 _aeng
080 _a51
082 _a51MES
100 _a21.1
101 _aMATE
245 _aBASIC COLLEGE MATHEMATICS
_cMESSERSMITH SH
942 _2udc
_cBK
999 _c59139
_d59139